Economía del trabajo y política laboral / (Registro nro. 11778)

Detalles MARC
000 -LEADER
fixed length control field 01342nam a2200301Ia 4500
003 - CONTROL NUMBER IDENTIFIER
control field OSt
005 - DATE AND TIME OF LATEST TRANSACTION
control field 20210521153013.0
008 - FIXED-LENGTH DATA ELEMENTS--GENERAL INFORMATION
fixed length control field 210310s2014 sp a gr 000 0 spa d
020 ## - INTERNATIONAL STANDARD BOOK NUMBER
International Standard Book Number 9788436832464
040 ## - CATALOGING SOURCE
Original cataloging agency CO-JMCR
Transcribing agency CO-JMCR
041 0# - LANGUAGE CODE
Language code of text/sound track or separate title spa
082 04 - DEWEY DECIMAL CLASSIFICATION NUMBER
Classification number 331 /
Item number R827e
Edition number 23
100 1# - MAIN ENTRY--PERSONAL NAME
Personal name Ruesga, Santos M.,
Relator term autor
9 (RLIN) 26422
245 10 - TITLE STATEMENT
Title Economía del trabajo y política laboral /
Statement of responsibility, etc. Santos M. Ruesga, José Manuel Lasierra Esteban, Laura Pérez Ortiz, [y otros 2]
250 ## - EDITION STATEMENT
Edition statement Segunda edición
260 ## - PUBLICATION, DISTRIBUTION, ETC.
Place of publication, distribution, etc. Madrid, España :
Name of publisher, distributor, etc. Pirámide,
Date of publication, distribution, etc. 2014.
300 ## - PHYSICAL DESCRIPTION
Extent 356 páginas ;
Dimensions 24 cm.
490 0# - SERIES STATEMENT
Series statement Economía y empresa
501 ## - WITH NOTE
With note Con: notas a pie de página.
504 ## - BIBLIOGRAPHY, ETC. NOTE
Bibliography, etc. note Bibliografía : páginas 341-356.
505 ## - FORMATTED CONTENTS NOTE
Formatted contents note Trabajo, empresa y globalización económica. -- Conceptos y definiciones estadísticos en el mercado del trabajo. -- Enfoques teóricos para el análisis del mercado laboral. -- Cualificación de la oferta de trabajo. -- Las instituciones laborales. -- Políticas laborales. -- El futuro del trabajo.
650 14 - SUBJECT ADDED ENTRY--TOPICAL TERM
Topical term or geographic name entry element Futuro del trabajo
Geographic subdivision España
9 (RLIN) 37794
650 24 - SUBJECT ADDED ENTRY--TOPICAL TERM
Topical term or geographic name entry element Flexibilidad laboral
Geographic subdivision España
9 (RLIN) 37795
650 24 - SUBJECT ADDED ENTRY--TOPICAL TERM
Topical term or geographic name entry element Políticas laborales.
Geographic subdivision España
9 (RLIN) 37796
700 1# - ADDED ENTRY--PERSONAL NAME
Personal name Lasierra Esteban, José Manuel,
Relator term autor
9 (RLIN) 26422
700 ## - ADDED ENTRY--PERSONAL NAME
Personal name Pérez Ortiz, Laura,
Relator term autora
9 (RLIN) 37797
942 ## - ADDED ENTRY ELEMENTS (KOHA)
Source of classification or shelving scheme Dewey Decimal Classification
Koha item type Books
Existencias
Withdrawn status Lost status Source of classification or shelving scheme Damaged status Not for loan Home library Current library Shelving location Date acquired Source of acquisition Full call number Barcode Date last seen Copy number Price effective from Koha item type
    Dewey Decimal Classification     Biblioteca Pública José María del Castillo y Rada Biblioteca Pública José María del Castillo y Rada General Stacks 04/15/2018 Donación 331 / R827e 430000330 05/16/2024 Ej.1 03/10/2021 Books